000 00586nam a22001937a 4500
003 0
005 20251020150305.0
008 251020b xxu||||| |||| 00| 0 eng d
020 _a979-8-89161-510-6
050 _aQA 152.2
_b.M37 2025
100 _aMartin, Anthony,
_eauthor.
245 _aAlgebra and trigonometry /
_cAnthony Martin.
260 _aJersey City, USA :
_bAlexis Press,
_c2025.
300 _ax, 288 pages :
_billustrations ;
_c27 cm.
504 _aIncludes bibliographical references and index.
650 _aAlgebra.
650 _aPlane trigonometry.
942 _2lcc
_cBK
999 _c368296
_d368296